Democracia participativa versus autoritarismo: confluencias recientes en el progresismo latinoamericano /
Shranjeno v:
| Glavni avtor: | |
|---|---|
| Drugi avtorji: | |
| Format: | Texto |
| Oznake: |
Označite
Brez oznak, prvi označite!
|
MARC
| LEADER | 00000 a a2200000 04500 | ||
|---|---|---|---|
| 001 | 46726 | ||
| 003 | |||
| 040 | |||
| 100 | |a Chaguaceda, Armando | ||
| 245 | |a Democracia participativa versus autoritarismo: |b confluencias recientes en el progresismo latinoamericano / |c Armando Chaguaceda, Johanna Cilano | ||
| 700 | |a Cilano, Johanna | ||
| 773 | |g volumen27, número46 ( , 2011), páginas 55-81 | ||
| 999 | |c 35347 |d 35347 | ||
